Welcome to CU Library Online Public Access Catalogue (OPAC)

Discovering AutoCAD 2006 / (Record no. 8063)

MARC details
000 -LEADER
fixed length control field 00634cam a22002174a 4500
001 - CONTROL NUMBER
control field 14082992
005 - DATE AND TIME OF LATEST TRANSACTION
control field 20251105131007.0
008 - FIXED-LENGTH DATA ELEMENTS--GENERAL INFORMATION
fixed length control field 050822s2006 njua 001 0 eng
020 ## - INTERNATIONAL STANDARD BOOK NUMBER
International Standard Book Number 0131713884
020 ## - INTERNATIONAL STANDARD BOOK NUMBER
International Standard Book Number 9780131713888
050 00 - LIBRARY OF CONGRESS CALL NUMBER
Classification number T385
Item number .D5895 2006
082 00 - DEWEY DECIMAL CLASSIFICATION NUMBER
Classification number 620/.0042/0285536
Edition information 22
100 1# - MAIN ENTRY--PERSONAL NAME
Personal name Dix, Mark,
Dates associated with a name 1948-
245 10 - TITLE STATEMENT
Title Discovering AutoCAD 2006 /
Statement of responsibility, etc. Mark Dix, Paul Riley.
260 ## - PUBLICATION, DISTRIBUTION, ETC.
Place of publication, distribution, etc. Upper Saddle River, NJ :
Name of publisher, distributor, etc. Pearson Prentice Hall,
Date of publication, distribution, etc. 2006.
300 ## - PHYSICAL DESCRIPTION
Extent xiii, 737 p. :
Other physical details ill. ;
Dimensions 26 cm.
500 ## - GENERAL NOTE
General note Includes index.
650 #0 - SUBJECT ADDED ENTRY--TOPICAL TERM
Topical term or geographic name entry element Computer graphics.
700 1# - ADDED ENTRY--PERSONAL NAME
Personal name Riley, Paul,
Dates associated with a name 1943-
942 ## - ADDED ENTRY ELEMENTS (KOHA)
Source of classification or shelving scheme Library of Congress Classification
Koha item type Books
Suppress in OPAC No
999 ## -
-- 8063
-- 8063
Holdings
Withdrawn status Lost status Source of classification or shelving scheme Damaged status Not for loan Collection Home library Current library Shelving location Date acquired Total checkouts Full call number Barcode Date last seen Copy number Price effective from Koha item type
    Library of Congress Classification     Non-fiction Science Library (Miotso) Science Library (Miotso) General stacks 11/05/2025   T385 .D5895 DIX SLM00005365 11/05/2025 1 11/05/2025 Books
© 2023-2024 Copyright: Central University Libraries. All Rights Reserved | Created by: Mahone Tech Office